Osemdesiata medzinárodná konferencia práce Ženeva 2. - 22. júna 1993 - priebeh, výsledky, dokumenty
Informácie o priebehu Medzinárodnej konferencie práce (MKP), ktorá sa konala v dňoch 2. - 22. júna 1993 v Ženeve. Príprava a priebeh konferencie. Hlavné body programu 8O. zasadnutia. Závery a odporúčania. Rezolúcia prijatá na 8O. MKP.
Saved in:
| Format: | Book Chapter |
|---|---|
| Language: | Slovak |
| Subjects: | |
| Tags: |
No Tags, Be the first to tag this record!
|
MARC
| LEADER | 00000naa a2200000 4500 | ||
|---|---|---|---|
| 001 | r014531 | ||
| 005 | 20221213123145.2 | ||
| 041 | 0 | |a slo | |
| 044 | |a SK | ||
| 245 | 1 | 0 | |a Osemdesiata medzinárodná konferencia práce |b Ženeva 2. - 22. júna 1993 - priebeh, výsledky, dokumenty |
| 520 | |a Informácie o priebehu Medzinárodnej konferencie práce (MKP), ktorá sa konala v dňoch 2. - 22. júna 1993 v Ženeve. Príprava a priebeh konferencie. Hlavné body programu 8O. zasadnutia. Závery a odporúčania. Rezolúcia prijatá na 8O. MKP. | ||
| 610 | 2 | 0 | |a konferencie |
| 610 | 2 | 0 | |a jún |
| 610 | 2 | 0 | |a 1993 |
| 610 | 2 | 0 | |a Ženeva |
| 610 | 2 | 0 | |a MOP |